Couples in Anime - Statistics

General Stats
  • This quiz has been taken 44 times
  • The average score is 7 of 17
Answer Stats
Hint Answer % Correct
Naruto Hinata
95%
Natsu Lucy
84%
Kirito Asuna
61%
Goku Chi Chi
61%
Edward Elric Winry
58%
Gray Fullbuster Juvia
53%
Ichigo Orihime
53%
Ken Kaneki Touka
50%
Honda Tohru Kyo
37%
Meliodas Elisabeth
32%
Aisaki Taiga Ryuji
32%
Soma Yukihira Erina
29%
Arima Kousei Kaori
29%
Tomoya Okazaki Nagisa
24%
Okabe Rintaro Kurisu Makise
21%
Yuu Otosaka Nao
16%
Otonashi Kanade
11%
No matching quizzes found
Score Distribution
Percent of People with Each Score
Percentile by Number Answered
Your Score History
You have not taken this quiz